Atlas of cardiovascular magnetic resonance / (Record no. 13781)
[ view plain ]
| 000 -LEADER | |
|---|---|
| fixed length control field | 01329cam a2200373 a 4500 |
| 001 - CONTROL NUMBER | |
| control field | 6787146 |
| 003 - CONTROL NUMBER IDENTIFIER | |
| control field | OSt |
| 005 - DATE AND TIME OF LATEST TRANSACTION | |
| control field | 20140310182459.0 |
| 006 - FIXED-LENGTH DATA ELEMENTS--ADDITIONAL MATERIAL CHARACTERISTICS--GENERAL INFORMATION | |
| fixed length control field | m u |
| 007 - PHYSICAL DESCRIPTION FIXED FIELD--GENERAL INFORMATION | |
| fixed length control field | co ugu|||||||| |
| 008 - FIXED-LENGTH DATA ELEMENTS--GENERAL INFORMATION | |
| fixed length control field | 071214s2009 paua b 001 0 eng |
| 010 ## - LIBRARY OF CONGRESS CONTROL NUMBER | |
| LC control number | 2007051345 |
| 015 ## - NATIONAL BIBLIOGRAPHY NUMBER | |
| National bibliography number | GBA781927 |
| Source | bnb |
| 020 ## - INTERNATIONAL STANDARD BOOK NUMBER | |
| International Standard Book Number | 9781573402910 (alk. paper) |
| 020 ## - INTERNATIONAL STANDARD BOOK NUMBER | |
| International Standard Book Number | 1573402915 (alk. paper) |
| 020 ## - INTERNATIONAL STANDARD BOOK NUMBER | |
| International Standard Book Number | 1573402990 (hbk.) |
| 020 ## - INTERNATIONAL STANDARD BOOK NUMBER | |
| International Standard Book Number | 9781573402996 (hbk.) |
| 035 ## - SYSTEM CONTROL NUMBER | |
| System control number | (OCoLC)172979414 |
| 040 ## - CATALOGING SOURCE | |
| Original cataloging agency | DNLM/DLC |
| Transcribing agency | DLC |
| Modifying agency | NLM |
| -- | UKM |
| -- | BTCTA |
| -- | BAKER |
| -- | YDXCP |
| -- | C#P |
| -- | CDX |
| 050 00 - LIBRARY OF CONGRESS CALL NUMBER | |
| Classification number | RC 670.5.M33 |
| Item number | .At83 2009 |
| 100 ## - MAIN ENTRY--PERSONAL NAME | |
| Personal name | Warren J. Manning |
| 9 (RLIN) | 8540 |
| 245 00 - TITLE STATEMENT | |
| Title | Atlas of cardiovascular magnetic resonance / |
| Statement of responsibility, etc | editor-in-chief, Warren J. Manning ; with 49 contributors. |
| 246 30 - VARYING FORM OF TITLE | |
| Title proper/short title | Cardiovascular magnetic resonance |
| 260 ## - PUBLICATION, DISTRIBUTION, ETC. (IMPRINT) | |
| Place of publication, distribution, etc | Philadephia, PA : |
| Name of publisher, distributor, etc | Springer, |
| Date of publication, distribution, etc | c2009. |
| 300 ## - PHYSICAL DESCRIPTION | |
| Extent | 308 p. : |
| Other physical details | ill. (some col.) ; |
| Dimensions | 32 cm. |
| Accompanying material | 1 CD-ROM (4 3/4 in.) |
| 504 ## - BIBLIOGRAPHY, ETC. NOTE | |
| Bibliography, etc | Includes bibliographical references and index. |
| 541 ## - IMMEDIATE SOURCE OF ACQUISITION NOTE | |
| -- | 1 |
| 650 #0 - SUBJECT ADDED ENTRY--TOPICAL TERM | |
| Topical term or geographic name as entry element | Cardiovascular system |
| General subdivision | Magnetic resonance imaging |
| Form subdivision | Atlases. |
| 9 (RLIN) | 8541 |
| 650 12 - SUBJECT ADDED ENTRY--TOPICAL TERM | |
| Topical term or geographic name as entry element | Magnetic Resonance Imaging |
| General subdivision | methods |
| Form subdivision | Atlases. |
| 9 (RLIN) | 8542 |
| 650 12 - SUBJECT ADDED ENTRY--TOPICAL TERM | |
| Topical term or geographic name as entry element | Cardiovascular Diseases |
| General subdivision | diagnosis |
| Form subdivision | Atlases. |
| 9 (RLIN) | 8543 |
| 700 1# - ADDED ENTRY--PERSONAL NAME | |
| Personal name | Manning, Warren J. |
| 9 (RLIN) | 8544 |
| 942 ## - ADDED ENTRY ELEMENTS (KOHA) | |
| Source of classification or shelving scheme | Library of Congress Classification |
| Koha item type | |
| Withdrawn status | Lost status | Source of classification or shelving scheme | Damaged status | Home library | Current library | Shelving location | Date acquired | Total Checkouts | Full call number | Barcode | Date last seen | Copy number | Price effective from | Koha item type |
|---|---|---|---|---|---|---|---|---|---|---|---|---|---|---|
| Library of Congress Classification | South SEED-LPDH College Library | South SEED-LPDH College Library | South SEED-LPDH College Section | 08/06/2013 | RC 670.5.M33 .At83 2009 | SSLC0135 | 05/15/2018 | 1 | 08/06/2013 | Books | ||||
| Library of Congress Classification | South SEED-LPDH College Library | South SEED-LPDH College Library | South SEED-LPDH College Section | 08/06/2013 | RC 670.5.M33 .At83 2009 | SSLC0136 | 04/20/2017 | 2 | 08/06/2013 | Books |